[Event "183rd open MGU"]
[Site "Sofia"]
[Date "2017.03.04"]
[Round "3.3"]
[White "Gelemerov, Yane"]
[Black "Babatov, Martin"]
[Result "1-0"]
[WhiteElo "2013"]
[BlackElo "1711"]
[PlyCount "129"]
[EventDate "2017.03.04"]
[EventType "swiss"]
[EventRounds "6"]
[EventCountry "BUL"]

1. e4 c6 2. Nf3 d5 3. Nc3 dxe4 4. Nxe4 Bg4 5. Bc4 e6 6. h3 Bxf3 7. Qxf3 Nf6 8.
Nxf6+ Qxf6 9. Qxf6 gxf6 10. d4 ({RR} 10. O-O Bg7 11. f4 f5 12. a4 Nd7 13. a5 a6
14. Rb1 Nf6 15. c3 h5 16. d3 O-O-O 17. Bd2 Nd5 18. Bb3 Bf8 19. Rf3 h4 20. Bd1
Bd6 21. Be2 Rhg8 22. b4 Rg6 23. c4 Nc7 24. Be1 Be7 {
Yanofsky,D (2460)-Reilly,B/Amsterdam 1954/EXT 2001/1/2 (42)}) 10... Rg8 $146 ({
RR} 10... Nd7 11. Be3 Nb6 12. Bb3 ({RR} 12. Be2 h5 13. h4 Nd5 14. Bd2 Bh6 15.
Bxh6 Rxh6 16. O-O-O f5 17. Bf3 Ke7 18. g3 Rd8 19. Rhe1 Nf6 20. Re3 Ng4 21. Re2
Kf6 22. Rd3 Rhh8 23. Bxg4 fxg4 24. f4 gxf3 25. Rxf3+ Ke7 26. Ref2 f5 {
Yumashev,V (1813)-Gorelov,V/Tambov 2013/EXT 2014/1-0 (56)}) 12... Nd5 13. c4
Nxe3 14. fxe3 Bb4+ 15. Ke2 Ke7 16. a3 Bd6 17. g4 Rag8 18. Bc2 h5 19. Kf3 hxg4+
20. hxg4 Kf8 21. Be4 Kg7 22. a4 Bc7 23. b3 Rxh1 24. Rxh1 Rh8 25. Rxh8 {
Gurrea Martinez,J (1880)-Lorente Ibanez,L (1944)/Alfaro 2001/EXT 2003/1/2 (54)}
) ({RR} 10... Bd6 11. Bd2 Nd7 12. O-O-O O-O-O 13. a3 c5 14. Be3 f5 15. g4 f4
16. dxc5 Nxc5 17. Rxd6 Rxd6 18. Bxc5 Rc6 19. b4 a6 20. Bb3 h5 21. Bd4 Rd8 22.
Bf6 Rd3 23. gxh5 {
1-0 Hasanagic,A (1860)-Holzbauer,J (2123)/Feffernitz 2005/CBM 108 Extra}) 11.
Bf4 Nd7 12. Bc7 Nb6 13. Bd3 Nd5 14. Bg3 f5 15. O-O Nb4 16. Rad1 Nxd3 17. Rxd3
O-O-O 18. Rfd1 Bd6 19. Bh4 Rd7 20. c4 Be7 21. Bxe7 Rxe7 22. d5 cxd5 23. cxd5
Rd7 24. dxe6 Rxd3 25. Rxd3 fxe6 26. f4 Rg7 27. Kf2 Kc7 28. Kf3 h5 29. g3 a6 30.
a4 b5 31. axb5 axb5 32. Ra3 Kb7 33. Re3 Rg6 34. Re5 Kc6 35. b4 Kb6 36. Rc5 Rg8
37. Re5 Rg6 38. Re3 Kb7 39. Rd3 Kc7 40. Rc3+ Kb7 41. Rc5 Kb6 42. Rc8 Rh6 43.
Rg8 Kc6 44. Ke3 Kd5 45. Rc8 h4 46. Rc5+ Kd6 47. Kf3 hxg3 48. Kxg3 Rg6+ 49. Kh2
Kd7 50. Rxb5 Kc6 51. Re5 Kc7 52. Re3 Kb6 53. Rg3 Rh6 54. Rg8 Kb7 55. Kg3 Kc7
56. h4 Kb6 57. Rg5 Kb5 58. h5 Kxb4 59. Kh4 Rh8 60. Rg6 e5 61. fxe5 Kc5 62. Rf6
Kd5 63. Rxf5 Ke6 64. Kg4 Rh6 65. Kf4 (65. Kg5 $4 Rxh5+ 66. Kxh5 Kxf5 $11) 1-0

[Event "183rd open MGU"]
[Site "Sofia"]
[Date "2017.03.04"]
[Round "3.4"]
[White "Vladov, Lyubomir"]
[Black "Kolev, Nikola Vl."]
[Result "0-1"]
[WhiteElo "1700"]
[BlackElo "1869"]
[PlyCount "114"]
[EventDate "2017.03.04"]
[EventType "swiss"]
[EventRounds "6"]
[EventCountry "BUL"]

1. e4 c5 2. d4 cxd4 3. c3 dxc3 4. Nxc3 Nc6 5. Nf3 g6 6. Bc4 Bg7 7. O-O d6 8.
Qe2 Nf6 9. h3 O-O 10. Rd1 Qc7 ({RR} 10... Bd7 11. Bf4 Rc8 12. a3 a6 13. Rac1
Qb6 14. b4 Be6 15. Nd5 Bxd5 16. exd5 Ne5 17. Nxe5 dxe5 18. Bxe5 Rfd8 19. d6
exd6 20. Bd4 Qc7 21. Qb2 Ne8 22. Be6 Bxd4 23. Rxc7 Bxb2 24. Rxc8 Rxc8 25. Bxc8
{Adams,M (2610)-Nunn,J (2595)/Oviedo 1992/EXT 1997/1-0 (34)}) 11. Bf4 ({RR} 11.
Be3 Bd7 12. Rac1 a6 13. Bb3 Rac8 14. Nd5 Nxd5 15. exd5 Qd8 16. dxc6 Bxc6 17.
Nd4 Bd7 18. Rxc8 Qxc8 19. Rc1 Qb8 20. Qd2 e6 21. Bh6 d5 22. Bxg7 Kxg7 23. Qc3
f6 24. Qc7 Qxc7 25. Rxc7 Rf7 {
Salomon,E (1633)-Vinolas Anglada,L (1612)/Figueres 2016/EXT 2017/1-0 (55)})
11... e5 $146 ({RR} 11... Nh5 12. Bg5 Ne5 13. Nxe5 Bxe5 14. Nd5 Qb8 15. g4 Nf4
16. Bxf4 Bxf4 17. Nxf4 e6 18. Qd2 b5 19. Bf1 Rd8 20. Rac1 a6 21. Bg2 Bb7 22.
Rc3 Ra7 23. Rdc1 Ba8 24. Nd3 b4 25. Rc4 a5 26. Qc2 {
Lorenz,O (1982)-Mucha,A/Germany 2003/EXT 2006/1-0 (33)}) ({RR} 11... Nd7 12.
Nb5 Qb8 13. Nxd6 a6 14. Nxc8 Qxc8 15. Rac1 e5 16. Be3 Rd8 17. Ng5 Rf8 18. Bxf7+
Rxf7 19. Qc4 Nf6 20. Nxf7 Kf8 {1-0 Yarovoy,A-Dementev,Y/Sukhumi 2006/EXT 2011})
({RR} 11... a6 12. Rac1 Na5 13. Nd5 Nxd5 14. Bxd5 Qb6 15. e5 e6 16. Be4 d5 17.
Bb1 Bd7 18. Nd4 h6 19. h4 Nc4 20. b3 Na3 21. Be3 Bxe5 22. Nf5 Bb5 23. Nxh6+ Kg7
24. Qg4 d4 25. Rxd4 f5 26. Qd1 {
Felix,R (2006)-Sousa e Silva,M (1800)/Brasilia 2013/CBM 154 Extra/1-0 (33)})
12. Be3 a6 13. Rac1 Qe7 14. Bb6 (14. Qd3 $142) 14... Be6 15. Nd5 Bxd5 16. exd5
Nb8 17. Bb3 Nbd7 18. Be3 Rac8 19. a4 Ne4 20. Bc2 Ndf6 21. Ng5 Nc5 22. b4 Ncd7
23. Nf3 Rc7 24. Bb1 Rfc8 (24... Rxc1 25. Bxc1 Nb6 26. Qa2 e4 27. Nh2 Rc8 $19)
25. Rxc7 Rxc7 26. Qd2 Qd8 27. Nh2 Qc8 28. Ng4 Nxg4 29. hxg4 f6 $2 (29... e4 $1
$17) 30. g3 Qe8 31. Be4 Bf8 32. Kg2 Be7 33. a5 Nf8 34. Bb6 Rc4 35. Bd3 Rc8 36.
b5 axb5 37. Rb1 Bd8 38. Rxb5 Qf7 39. Qb4 (39. Bxd8 Rxd8 40. Qb4 Rd7 41. Rb6 $18
) 39... f5 (39... Nd7 $142 $14) 40. gxf5 Bxb6 41. Rxb6 gxf5 42. Qxd6 e4 43. Bb1
{Äèàãðàììà #} Qh5 $4 (43... e3 44. fxe3 Qh5 45. Qh6 Qe2+ 46. Kh3 Rc1 47. Qg5+
$11) 44. Qa3 $1 Rc7 45. d6 Rg7 46. Ba2+ (46. Rb5 $18) 46... Kh8 47. Qc3 $2 (47.
d7 $142 $18) 47... f4 48. Bc4 f3+ $4 (48... Ng6 $1) 49. Kg1 Qh3 50. Bf1 Qd7 51.
a6 (51. Qe5 $142 $18) 51... bxa6 52. Rb8 Qxd6 {Äèàãðàììà #} 53. Rb7 $4 (53. Re8
$1) 53... Qh6 $4 (53... Nd7 54. Qc8+ Qf8 55. Qxf8+ Nxf8 56. Rb8 Rf7 57. Bxa6
$11) 54. Rf7 Kg8 55. Bc4 $4 (55. Rf6 $142 $18) 55... Rxf7 56. Bxf7+ Kxf7 57.
Qc4+ Qe6 0-1

[Event "183rd open MGU"]
[Site "Sofia"]
[Date "2017.03.04"]
[Round "3.8"]
[White "Georgiev, Nikolay Zh."]
[Black "Kononenko, Vladimir"]
[Result "1-0"]
[WhiteElo "1585"]
[BlackElo "1375"]
[PlyCount "85"]
[EventDate "2017.03.04"]
[EventType "swiss"]
[EventRounds "6"]
[EventCountry "BUL"]

1. e4 e5 2. Nc3 Nf6 3. Bc4 Nc6 4. d3 h6 5. a3 Bc5 6. Nf3 d6 7. Na4 Bb6 ({RR} 
7... Bg4 8. Nxc5 dxc5 9. h3 Bd7 10. b4 Qe7 11. O-O O-O 12. Bb2 Rad8 13. Re1 Bc8
14. Bd5 Nd4 15. bxc5 Qxc5 16. Nxd4 exd4 17. Bb3 Rfe8 18. Qd2 Be6 19. Qb4 Qb6
20. e5 Qxb4 21. axb4 Bxb3 22. cxb3 {
Sermek,D (2577)-Halkias,S (2560)/Terme Zrece 2003/CBM 097/1-0 (62)}) 8. Nxb6
axb6 9. h3 Na5 $146 ({RR} 9... O-O 10. Be3 ({RR} 10. g4 Be6 11. g5 hxg5 12.
Bxg5 Bxc4 13. dxc4 Qd7 14. Bxf6 gxf6 15. Nh4 Rfe8 16. Nf5 Kf8 17. Qh5 Ne7 18.
Qh8+ {1-0 Wasserman,A (1690)-Swift,R (1722)/Winnipeg 2009/EXT 2011}) 10... Bd7
11. g4 Nh7 12. c3 Ne7 13. g5 h5 14. Nh4 g6 15. Qf3 Be6 16. Bxe6 fxe6 17. Qg3
Qd7 18. O-O Qb5 19. Bc1 Rf7 20. Rb1 Rxa3 21. bxa3 Qxb1 22. Ng2 Qc2 23. c4 Nc6
24. f4 {
Navarro Gil,R (1724)-Munoz Benitez,L (1399)/Campos 2016/EXT 2017/1-0 (36)}) ({
RR} 9... Qe7 10. O-O g5 11. Nh2 Bd7 12. c3 Rg8 13. f3 Nd8 14. g4 Ne6 15. Bxe6
Bxe6 16. c4 Nd7 17. b4 f6 18. Rf2 c5 19. Bd2 Kf7 20. Nf1 h5 21. Ng3 h4 22. Ne2
Ra7 23. b5 Rga8 24. a4 {Grob,H-Kovacs,M/Vienna 1947/EXT 1999/1/2}) 10. Ba2 Be6
11. Bxe6 fxe6 12. Be3 Nc6 13. Qe2 b5 14. O-O O-O 15. Nd2 d5 16. Bc5 Rf7 17. f4
b6 18. fxe5 bxc5 19. exf6 Rxf6 20. Rxf6 Qxf6 21. c3 b4 22. Rf1 Qg6 23. Nb1 Rf8
24. Rxf8+ Kxf8 25. exd5 exd5 26. Qf3+ Qf7 27. Qxf7+ Kxf7 28. Kf2 b3 29. Nd2 Na5
30. Ke3 Ke6 31. c4 d4+ 32. Ke4 c6 33. g3 g6 34. Kf4 Kf6 35. h4 h5 36. g4 hxg4
37. Kxg4 Kf7 38. Kg5 Kg7 39. Ne4 Nb7 40. Kf4 Kf7 41. Ke5 Ke7 42. a4 Kf7 43.
Nd6+ 1-0

[Event "183rd open MGU"]
[Site "Sofia"]
[Date "2017.03.05"]
[Round "4.2"]
[White "Karaivanova, Petya"]
[Black "Kostov, Nikolay"]
[Result "1-0"]
[WhiteElo "1586"]
[BlackElo "1653"]
[PlyCount "44"]
[EventDate "2017.03.04"]
[EventType "swiss"]
[EventRounds "6"]
[EventCountry "BUL"]

1. e4 e5 2. Nf3 Nc6 3. Bc4 Nf6 4. d3 Be7 5. O-O d6 6. c3 O-O 7. Nbd2 Be6 ({RR} 
7... Nh5 8. g3 Bg4 9. Kh1 Qd7 10. b4 Kh8 11. Qb3 Nd8 12. d4 f5 13. exf5 Qxf5
14. Bd5 Nf6 15. Nh4 Qh5 16. Bg2 g5 17. Nhf3 e4 18. Ng1 Be6 19. Qd1 Ng4 20. Nh3
d5 21. Qe2 Nf7 22. f3 {
Cvorovic,D (2430)-Nikolac,J (2435)/Solin 1998/EXT 2000/0-1 (64)}) 8. Bb5 ({RR} 
8. Re1 Bxc4 9. Nxc4 h6 10. Qc2 Qd7 11. h3 Rad8 12. Be3 b6 13. Rad1 d5 14. Ncxe5
Nxe5 15. Nxe5 Qd6 16. Nf3 c5 17. e5 Qe6 18. exf6 Bxf6 19. Bxh6 Qf5 20. Bd2 d4
21. cxd4 cxd4 22. Re4 Rc8 {Chekhani,A-Roganovic,N/Prague 2016/CBM 174 Extra/1-0
}) 8... Nd7 $146 ({RR} 8... a6 9. Ba4 b5 ({RR} 9... Nd7 10. d4 Bg4 ({RR} 10...
exd4 11. Nxd4 Nxd4 12. cxd4 d5 13. Bb3 Nb6 14. e5 f6 15. exf6 Bxf6 16. Ne4 Bf7
17. Nxf6+ Qxf6 18. Be3 a5 19. Qg4 Be6 20. Qg3 Qf7 21. Rae1 Rae8 22. Bd2 Ra8 23.
Bc2 Nc4 24. Bc1 Nd6 25. Qh4 {
Golubev,R-Chan,Y (2260)/Vung Tau 2008/EXT 2009/1/2 (45)}) 11. d5 Ncb8 12. h3
Bh5 13. Bc2 c6 14. c4 b5 15. b3 Nc5 16. Re1 Nbd7 17. g4 Bg6 18. Nf1 bxc4 19.
bxc4 Nb6 20. Qe2 Rc8 21. Ng3 Qc7 22. Be3 f6 23. Bxc5 dxc5 24. Nf5 {
Radivojevic,I (2204)-Biljanic,L (2268)/Golubac 2003/CBM 096 Extra/1-0 (67)})
10. Bc2 Nd7 11. d4 exd4 12. cxd4 Bg4 13. h3 Bh5 14. Nb3 Nb4 15. Bb1 c5 16. a3
Nc6 17. dxc5 dxc5 18. Qd5 Bxf3 19. Qxc6 Ne5 20. Qb7 Be2 21. Re1 Bc4 22. Nd2 Be6
23. b4 {Shurpak,A-Malysheva,P/St Petersburg 1999/EXT 2002/0-1 (34)}) 9. Re1 a6
10. Ba4 b5 11. Bc2 d5 12. exd5 Bxd5 13. Nf1 Bf6 14. Ng3 g6 15. Bh6 Re8 16. Nd2
Bh8 17. Nge4 Bg7 18. Bxg7 Kxg7 19. Bb3 Bxb3 20. Qxb3 f5 21. Ng3 Nc5 22. Qc2
Qxd3 {...?} 1-0

[Event "183rd open MGU"]
[Site "Sofia"]
[Date "2017.03.05"]
[Round "4.3"]
[White "Kolev, Nikola Vl."]
[Black "Gelemerov, Yane"]
[Result "1-0"]
[WhiteElo "1869"]
[BlackElo "2013"]
[PlyCount "55"]
[EventDate "2017.03.04"]
[EventType "swiss"]
[EventRounds "6"]
[EventCountry "BUL"]

1. Nf3 Nf6 2. g3 b5 3. Bg2 Bb7 4. O-O e6 5. d4 Be7 6. c3 a5 ({RR} 6... d5 7. a4
({RR} 7. Qb3 a6 8. a4 c6 9. Bg5 Nbd7 10. Nbd2) 7... b4 8. cxb4 Bxb4 9. a5 Na6 (
{RR} 9... O-O 10. Qb3 Na6 11. Ra4 Qd6 12. Bf4 Qe7 13. Bd2 Bxd2 14. Qxb7) 10.
Bd2 O-O 11. Ne5 ({RR} 11. Qb3 Qd6 12. Bxb4 Nxb4 ({RR} 12... Qxb4 13. Qxb4 Nxb4
14. Rc1 Rfc8 15. Ra4 Na6 16. b4) 13. Ra4 Na6) 11... Rb8 12. Qa4 Ba8 13. Nd3 ({
RR} 13. Nc6 Bxc6 14. Qxc6 Bxd2 15. Qxa6 Rxb2) 13... Bd6 14. Rc1 ({RR} 14. b4
Qe8) 14... Ne4 15. Be3 Nb4 16. Nc3 Bc6 17. Qd1 Nxd3 18. exd3 ({RR} 18. Qxd3
Nxc3 19. Qxc3 Bb5) 18... Nf6 ({RR} 18... Nxc3 19. bxc3) 19. Ne4 dxe4 20. Rxc6
exd3 21. b3 {Azmaiparashvili,Z (2660)-Salov,V (2670)/Madrid 1996/CBM 053/
[Azmaiparashvili]/1/2 (38)} ({RR} 21. d5 exd5 ({RR} 21... Nxd5 22. Bxa7 Rxb2
23. Bd4 Rb4 24. Qxd3) 22. Bxa7 Rxb2 23. Bd4 Rb4 24. Qxd3)) 7. Bg5 ({RR} 7. a4
b4 8. Nbd2 O-O 9. c4 d5 10. b3 c5 11. Bb2 Nbd7 12. Rc1 Rc8 13. e3 cxd4 14. Nxd4
Nc5 15. Qe2 Nfe4 16. Nxe4 dxe4 17. Rcd1 Qb6 18. Nb5 Nxb3 19. Qg4 g6 20. Rd7
Rce8 21. Rfd1 Bc6 {
Pribyl,J (2271)-Druska,J (2364)/Prague 2014/CBM 161 Extra/0-1 (45)}) 7... O-O
8. Nbd2 Na6 $146 ({RR} 8... d6 9. a4 b4 10. Ne1 Bxg2 11. Nxg2 Nbd7 12. e4 c5
13. Ne3 Rb8 14. Qc2 Qc8 15. Bxf6 Bxf6 16. d5 Nb6 17. Qd3 Re8 18. Ndc4 Qa6 19.
Rfd1 bxc3 20. bxc3 Nxc4 21. Nxc4 exd5 22. Qxd5 Bxc3 23. Nxd6 {
Nguyen,V (2517)-Iordachescu,V (2637)/Jakarta 2012/EXT 2013/0-1 (50)}) 9. Re1 h6
10. Bxf6 Bxf6 11. e4 d6 12. Qe2 Qd7 13. e5 Be7 14. h4 Rfd8 15. Rad1 Rab8 16. g4
g6 17. Ne4 Kg7 18. g5 Bxe4 19. Qxe4 Rh8 20. d5 hxg5 21. hxg5 exd5 22. Qd4 Kh7
23. Qxd5 Kg8 24. e6 fxe6 25. Rxe6 Kf8 26. Ne5 Qe8 27. Nc6 Rh7 28. Rde1 1-0

[Event "183rd open MGU"]
[Site "Sofia"]
[Date "2017.03.05"]
[Round "4.5"]
[White "Ruschukov, Boyan"]
[Black "Babatov, Martin"]
[Result "1-0"]
[WhiteElo "1828"]
[BlackElo "1711"]
[PlyCount "55"]
[EventDate "2017.03.04"]
[EventType "swiss"]
[EventRounds "6"]
[EventCountry "BUL"]

1. d4 b6 2. e4 Bb7 3. f3 e6 4. c4 Bxe4 $6 ({RR} 4... g6 5. Nc3 d6 6. Bd3 Qh4+
7. g3 Qf6 8. Be3 Bh6 9. f4 Qe7 10. Nf3 f5 11. O-O Nf6 12. exf5 exf5 13. Re1 O-O
14. d5 Qd7 15. Bd4 c5 16. Bxf6 Rxf6 17. Re3 Na6 18. Qe2 Nc7 19. Re1 {
Onischuk,A (2672)-Short,N (2698)/Poikovsky 2012/CBM 151/1/2 (64)}) 5. fxe4 Qh4+
6. Kd2 $146 ({RR} 6. Ke2 Qxe4+ 7. Kf2 ({RR} 7. Be3 f5 ({RR} 7... Nf6 8. Qd3
Qg4+ 9. Nf3 Nc6 10. h3 Qh5 11. Rg1 Nb4 12. Qd1 Qf5 13. Nc3 Nh5 14. g4 Nf4+ 15.
Bxf4 Qxf4 16. Qd2 Qd6 17. a3 Na6 18. Kf2 c5 19. Rd1 O-O-O 20. Nb5 Qb8 21. d5
Be7 22. d6 {Divilly,P (1514)-White,G (1718)/Sunningdale 2014/EXT 2015/0-1 (53)}
) 8. Nc3 Qc6 9. Kf2 ({RR} 9. Qd3 Nf6 10. d5 Qb7 11. g3 Na6 12. Bg2 Bc5 13. Nf3
O-O 14. Bxc5 Nxc5 15. Qd4 exd5 16. Nxd5 Rae8+ 17. Kf1 c6 18. Nxf6+ Rxf6 19. Re1
Re4 20. Qd2 Qa6 21. b3 d5 22. Ng5 Rxe1+ 23. Kxe1 h6 {
Tiller,B (2361)-Frank,A (1920)/Davos 2011/CBM 144 Extra/1/2 (31)}) 9... Nf6 10.
Be2 d5 11. cxd5 exd5 12. Bb5 Ne4+ 13. Kf3 Nf6 14. Bxc6+ {
1-0 Angelov,G (2128)-Petrov,A (1833)/Sofia 2016/CBM 170 Extra}) 7... Qf5+ 8.
Nf3 Nc6 9. Bd3 Qa5 10. Nc3 Qa6 11. Re1 O-O-O 12. Bf4 Nb4 13. a3 Nxd3+ 14. Qxd3
Nf6 15. Nb5 d6 16. c5 Qb7 17. cxd6 c6 18. Rac1 Kd7 19. Ne5+ Kc8 20. Rxc6+ Kb8 {
Ter Haar,T-Meijers,H/The Hague 1873/EXT 2007/1-0}) 6... Qxe4 7. Nf3 Bb4+ 8. Nc3
Nc6 9. a3 Bxc3+ 10. bxc3 Nf6 11. Bd3 Qg4 12. Qe2 O-O 13. Kc2 d5 14. Ne5 Nxe5
15. dxe5 dxc4 16. Bxc4 Qxe2+ 17. Bxe2 Nd7 18. Bf4 h6 19. Rad1 Rfd8 20. Bf3 Rab8
21. Rd2 Nc5 22. Rhd1 Rxd2+ 23. Rxd2 Kf8 24. Be3 Ke7 25. Bc6 Rc8 26. Bxc5+ bxc5
27. Rd7+ Kf8 28. Bb7 1-0

[Event "183rd open MGU"]
[Site "Sofia"]
[Date "2017.03.05"]
[Round "5.2"]
[White "Karaivanova, Petya"]
[Black "Kolev, Nikola Vl."]
[Result "0-1"]
[WhiteElo "1586"]
[BlackElo "1869"]
[PlyCount "26"]
[EventDate "2017.03.04"]
[EventType "swiss"]
[EventRounds "6"]
[EventCountry "BUL"]

1. e4 c5 2. Nf3 g6 3. d4 cxd4 4. Nxd4 Bg7 5. Nc3 Nc6 6. Be3 Nf6 7. f3 O-O 8.
Qd2 d5 9. exd5 Nxd5 10. Nxc6 bxc6 11. Nxd5 cxd5 12. c3 e5 13. Bh6 $146 (13. Rd1
$142 $15 {RR} Bb7 14. Be2 Re8 ({RR} 14... Qh4+ 15. Bf2 Qa4 16. O-O Rfe8 17. Kh1
Qc6 18. Rfe1 Rad8 19. Bf1 h6 20. Qc2 a6 21. Qb3 Re6 22. Rd2 Rde8 23. Qd1 Kh7
24. Rde2 f5 25. f4 exf4 26. Rxe6 Rxe6 27. Rxe6 Qxe6 28. Bd4 g5 29. b4 {
Sorri,K (2305)-Raaste,E (2380)/Helsinki 1990/EXT 2000/1/2 (31)} {RR} Kg6 30. a4
Bf8 31. Qe2 Qxe2 {
1/2 Sorri,K (2305)-Raaste,E (2380)/Helsinki 1990/EXT 2000 (31)}) ({RR} 14...
Qa5 15. O-O Rfe8 16. a3 Rad8 17. b4 Qa4 18. Bd3 Rc8 19. Bc5 Bf8 20. Bxf8 Rxf8
21. Qb2 Rc7 22. Rc1 Qd7 23. Rfe1 Qd6 24. c4 dxc4 25. Rxc4 Re7 26. Be4 {
1/2 Ravier,O (1899)-Palu,A (2152)/Vicente Lopez 2016/CBM 173 Extra}) 15. O-O d4
16. Bf2 Rc8 17. Bb5 Bc6 18. Ba6 Rb8 19. cxd4 exd4 20. b3 Bb5 21. Bxb5 Rxb5 22.
Qc2 h5 23. Rd3 Rd5 24. Rfd1 Qg5 25. Kf1 Qf5 26. Qd2 Red8 27. Qb4 Kh7 28. Qe7 {
Mazzoleni,J-Bronstein,L/Buenos Aires 1972/EXT 1999/0-1 (61)} {RR} R5d7 29. Qe2
Bf6 30. Qb2 a5 31. Qe2 Re7 32. Qb2 Red7 33. Qc2 Rd5 34. Qc7 R5d7 35. Qc4 Qd5
36. Qxd5 Rxd5 37. g3 a4 38. bxa4 Ra8 39. Bxd4 Rad8 40. Bxf6 Rxd3 41. Rxd3 Rxd3
42. Ke2 Ra3 43. h4 {Mazzoleni,J-Bronstein,L/Buenos Aires 1972/EXT 1999/0-1 (61)
}) 13... Qh4+ 0-1

[Event "183rd open MGU"]
[Site "Sofia"]
[Date "2017.03.05"]
[Round "5.6"]
[White "Babatov, Martin"]
[Black "Georgiev, Nikolay Zh."]
[Result "1-0"]
[WhiteElo "1711"]
[BlackElo "1585"]
[PlyCount "57"]
[EventDate "2017.03.04"]
[EventType "swiss"]
[EventRounds "6"]
[EventCountry "BUL"]

1. d4 d5 2. c4 c6 3. cxd5 cxd5 4. Nc3 Nf6 5. Qb3 Nc6 ({RR} 5... e6 6. Nf3 Bd6
7. Bg5 Nbd7 8. e3 O-O 9. Bd3 Re8 10. O-O Qb6 11. Qxb6 axb6 12. Nb5 Bb8 13. a3
Nf8 14. Rac1 Bd7 15. Rc2 Bxb5 16. Bxb5 Rd8 17. Rfc1 Bd6 18. Nd2 N8d7 19. f3 h6
20. Bh4 {Pavlov,V (1561)-Kosteski,M (1494)/Tri Buki 2016/CBM 170 Extra/1/2 (34)
}) 6. e3 Rb8 $146 ({RR} 6... e6 7. Nf3 Bd6 ({RR} 7... Be7 8. Be2 O-O 9. O-O a6
10. Bd2 b5 11. Rac1 Bb7 12. a4 b4 13. Na2 Qb6 14. Bd3 Rfc8 15. Ng5 h6 16. Nf3
Nd7 17. g4 Na5 18. Qd1 Nc4 19. b3 Nb2 20. Qe2 Nxd3 21. Qxd3 a5 22. Rfe1 {
Stavenhagen,J (1848)-Crombleholme,A (2098)/Dresden 2005/EXT 2006/0-1 (38)}) ({
RR} 7... a6 8. Be2 Bd6 9. Bd2 b5 10. a3 Bb7 11. Na2 Na5 12. Bxa5 Qxa5+ 13. Nd2
Ne4 14. Rd1 Rc8 15. Nb4 O-O 16. O-O Rc7 17. Nxe4 dxe4 18. Rc1 Rfc8 19. Rc3 Rxc3
20. bxc3 Qc7 21. Rc1 a5 22. Na2 {
Fassmann,K (1927)-Wimmer,H (2148)/Schloss Schney 2005/EXT 2006/0-1 (33)}) 8.
Bd2 O-O 9. Rc1 a6 10. Bd3 Na5 11. Qd1 b5 12. a4 b4 13. Na2 Qb6 14. O-O Bb7 15.
Ne5 Rfc8 16. Rxc8+ Bxc8 17. Nc1 Bxe5 18. dxe5 Nd7 19. Qh5 g6 20. Qg5 Nc6 21. f4
{Hrishikesh,C (2008)-Debashis,D (2294)/Mumbai 2008/CBM 124 Extra/0-1 (41)}) 7.
Bd3 Bg4 8. Nf3 e6 9. Bd2 Bd6 10. Nb5 Be7 11. Rc1 Bxf3 12. gxf3 O-O 13. Rg1 a6
14. Nc3 Bd6 15. h3 Nh5 16. a3 Qh4 17. Qc2 f5 18. Ke2 Rf6 19. Rg2 Qxh3 20. Rcg1
Bh2 21. Na4 Bxg1 22. Rxg1 Qh2 23. Qc1 Rbf8 24. Nc5 Nd8 25. Nd7 Rg6 26. Rxg6
hxg6 27. Nxf8 Kxf8 28. Qc8 Qd6 29. Bb4 1-0

[Event "183rd open MGU"]
[Site "Sofia"]
[Date "2017.03.05"]
[Round "6.2"]
[White "Vladov, Lyubomir"]
[Black "Petkov, Martin"]
[Result "1/2-1/2"]
[WhiteElo "1700"]
[BlackElo "1798"]
[PlyCount "53"]
[EventDate "2017.03.04"]
[EventType "swiss"]
[EventRounds "6"]
[EventCountry "BUL"]

1. e4 e6 2. b3 d5 3. Bb2 Nf6 4. e5 Nfd7 5. Nf3 c5 6. Bb5 Nc6 7. Bxc6 bxc6 8.
O-O Be7 9. d3 $146 ({RR} 9. Re1 O-O 10. d3 Nb6 11. Nbd2 f6 12. c4 Qc7 13. Rc1
Qb7 14. Ba3 Qa6 15. Nb1 Rd8 16. cxd5 cxd5 17. d4 Nd7 18. dxc5 fxe5 19. Nxe5 Bg5
20. Rc2 Nxe5 21. Rxe5 Bf6 22. Re1 e5 23. Qe2 Qc6 {
Makris,I-Szabo,L (2185)/Aghia Pelagia 2004/CBM 101 Extra/0-1 (33)}) 9... O-O
10. Nbd2 f6 11. Qe2 f5 12. d4 Qb6 13. Rfd1 cxd4 14. Nxd4 c5 15. Nb5 Ba6 16. a4
Rfb8 17. c4 d4 18. b4 Bxb5 19. axb5 a6 20. bxc5 Bxc5 21. Nf3 axb5 22. Rxa8 Rxa8
23. Bxd4 Bxd4 24. Nxd4 bxc4 25. Qxc4 Nxe5 26. Qxe6+ Qxe6 27. Nxe6 1/2-1/2

[Event "183rd open MGU"]
[Site "Sofia"]
[Date "2017.03.05"]
[Round "6.4"]
[White "Ruschukov, Boyan"]
[Black "Gelemerov, Yane"]
[Result "1-0"]
[WhiteElo "1828"]
[BlackElo "2013"]
[PlyCount "93"]
[EventDate "2017.03.04"]
[EventType "swiss"]
[EventRounds "6"]
[EventCountry "BUL"]

1. d4 Nf6 2. c4 d6 3. Nc3 Nbd7 4. Nf3 e5 5. e4 Be7 6. Be2 c6 7. O-O Qc7 8. Re1
a6 ({RR} 8... Nf8 9. Rb1 ({RR} 9. d5 c5 10. Rb1 Ng6 11. b4 b6 12. bxc5 bxc5 13.
Bf1 O-O 14. h3 Bd7 15. Bd2 Rfb8 16. Qc2 Rxb1 17. Rxb1 Rb8 18. Rb3 Rxb3 {
1/2 Holl,H (2101)-Krouwel,R (1779)/Utrecht 2015/CBM 166 Extra}) 9... Ng6 10. b4
O-O 11. a3 a6 12. dxe5 dxe5 13. c5 Bg4 14. h3 Rad8 15. Qb3 Bxf3 16. Bxf3 h6 17.
g3 Nh7 18. h4 Bxh4 19. gxh4 Nxh4 20. Nd1 Qe7 21. Bg2 Ng5 22. Qg3 Qf6 23. Bxg5 {
Moldobaev,E (2442)-Kuzmin,G (2546)/Krasnodar 1999/CBM 075/1-0 (40)}) 9. a4 O-O
$146 ({RR} 9... a5 10. d5 Nc5 11. Bf1 O-O 12. h3 Ne8 13. Be3 Qb6 14. Ne2 Bd7
15. Nd2 Qb4 16. Nc1 f5 17. exf5 Bxf5 18. Ndb3 Nxb3 19. Nxb3 cxd5 20. cxd5 {
1/2 Grebenkin,V-Gorbatov,A (2375)/Stare Mesto 1992/EXT 1997}) 10. b3 Re8 11.
Bb2 Nf8 12. d5 Ng6 13. g3 h6 14. a5 Bh3 15. Nd2 Rad8 16. b4 Rf8 17. b5 cxd5 18.
cxd5 Bc8 19. Nb3 Nd7 20. Rc1 Nc5 21. Na4 axb5 22. Bxb5 Bd7 23. Qe2 Rc8 24. Bxd7
Qxd7 25. Nb6 Qd8 26. Nxc8 Nxb3 27. Nxe7+ Nxe7 28. Rc4 Nxa5 29. Ra4 b6 30. Bc3
Nb7 31. Rea1 Qd7 32. Ra8 Nc8 33. Bb4 f5 34. f3 h5 35. exf5 Qxf5 36. Rc1 Nc5 37.
Bxc5 bxc5 38. Qe4 Qf7 39. Rb1 Ne7 40. Rbb8 Ng6 {Äèàãðàììà #} 41. Rxf8+ (41.
Qxg6) 41... Nxf8 42. Ra6 Qf6 43. f4 Ng6 44. fxe5 Nxe5 45. Qf4 Qg6 46. Rb6 c4 $4
{Äèàãðàììà #} (46... Kh7 $11) 47. Qxe5 1-0

[Event "183rd open MGU"]
[Site "Sofia"]
[Date "2017.03.05"]
[Round "6.5"]
[White "Babatov, Martin"]
[Black "Kostov, Nikolay"]
[Result "1/2-1/2"]
[WhiteElo "1711"]
[BlackElo "1653"]
[PlyCount "70"]
[EventDate "2017.03.04"]
[EventType "swiss"]
[EventRounds "6"]
[EventCountry "BUL"]

1. d4 Nf6 2. c4 e6 3. Bf4 d5 4. e3 Nbd7 ({RR} 4... Bd6 5. Bxd6 cxd6 6. Nc3 dxc4
7. Bxc4 O-O 8. Nf3 b6 9. O-O d5 10. Bb5 Ba6 11. a4 Bxb5 12. axb5 a5 13. Ne5
Nfd7 14. Nd3 Ra7 15. Qd2 Rc7 16. Rfc1 Qe7 17. Na4 Rfc8 18. Rxc7 Rxc7 19. Rc1 {
Novikov,M (2500)-Kosov,I (2386)/Tula 2006/EXT 2010/1-0 (40)}) 5. Nc3 Bb4 ({RR} 
5... a6 6. a3 dxc4 7. Bxc4 b5 8. Be2 Bb7 9. Bf3 Bxf3 10. Qxf3 c5 11. Nge2 Be7
12. O-O O-O 13. Rfd1 Qb6 14. dxc5 Nxc5 15. b4 Ncd7 16. Rd2 Rac8 17. Rad1 Nb8
18. Bd6 Bxd6 19. Rxd6 Qc7 20. h3 {
Bucinskas,L (1765)-Dambrauskas,V (2330)/Plunge 2011/EXT 2012/1/2 (49)}) 6. a3
Bxc3+ $146 ({RR} 6... Be7 7. Nb5 O-O 8. Nxc7 Rb8 9. Nb5 Ra8 10. c5 a6 11. Nc3
h6 12. Qf3 Re8 13. Be2 b6 14. c6 Nb8 15. c7 Qd7 16. cxb8=Q Rxb8 17. Bxb8 {
1-0 Marjankowski,S-Boehme,M/Germany 1997/EXT 2001}) 7. bxc3 b6 8. Nf3 Bb7 9. h3
O-O 10. Be2 Ne4 11. Qc2 c5 12. cxd5 exd5 13. O-O Rc8 14. Qb2 c4 15. Rfb1 Re8
16. Nd2 Nxd2 17. Qxd2 Nf6 18. Bf3 Ne4 19. Bxe4 Rxe4 20. a4 Re6 21. a5 Ra8 22.
axb6 Rxb6 23. Qc2 Bc6 24. Ra2 Rxb1+ 25. Qxb1 a5 26. Qb2 a4 27. Qb4 Qe8 28. Bd6
h6 29. Rb2 Kh7 30. Qb6 Qd7 31. Ba3 f5 32. Qc5 Re8 33. Qd6 Qxd6 34. Bxd6 Ra8 35.
Ba3 Rc8 1/2-1/2